[Event "Brasilia JEBS op"]
[Site "Brasilia"]
[Date "2023.10.29"]
[Round "5"]
[White "Taketa, Raykon Shizuka"]
[Black "Rocha, Joao Gabriel Santos"]
[Result "1-0"]
[WhiteElo "1632"]
[BlackElo "1800"]
[PlyCount "27"]
[EventDate "2023.10.28"]
[EventType "swiss"]
[EventRounds "6"]
[EventCountry "BRA"]
[SourceTitle "CBM 216 Extra"]
[Source "ChessBase"]
[SourceDate "2023.11.30"]
[SourceVersion "1"]
[SourceVersionDate "2023.11.30"]
[SourceQuality "1"]

1. d4 d5 2. Nf3 Nf6 3. Bf4 Nc6 4. e3 e6 5. c3 Bd6 6. Bg3 0-0 7. Bd3 Bd7 8. Ne5 Bxe5 9. dxe5 Ne4 10. Bxe4 dxe4 11. Qg4 Na5 12. Bh4 Qe8 13. Bf6 g6 14. Qg5 1-0